Strzelcy bramek w 10 kolejce Bundesligi w sezonie 2020/21. - Statystyki

Ogólne statystyki
  • Ten quiz został rozwiązany 7 razy
  • Średni wynik to 9 z 33
Statystyki odpowiedzi
Mecz Piłkarz % Poprawnych
Bayern - RB Lipsk 2:1 Muller
86%
Bayern - RB Lipsk 3:3 Muller
86%
Hertha - Union Berlin 2:1 Piątek
86%
Hertha - Union Berlin 3:1 Piątek
86%
Bayern - RB Lipsk 2:3 Forsberg
57%
Bayern - RB Lipsk 1:1 Musiala
57%
Bayern - RB Lipsk 2:2 Kluivert
43%
Hertha - Union Berlin 1:1 Pekarik
43%
Freiburg - Monchengladbach 2:2 Plea
43%
Frankfurt - Dortmund 1:1 Reyna
43%
Koln - Wolfsburg 2:2 Weghorst
43%
Hoffenheim - Augsburg 3:1 Bebou
29%
Frankfurt - Dortmund 1:0 Kamada
29%
Bayern - RB Lipsk 0:1 Nkunku
29%
Hoffenheim - Augsburg 1:1 Caligiuri
14%
Bielefeld - Mainz 2:0 Doan
14%
Koln - Wolfsburg 2:1 Duda
14%
Freiburg - Monchengladbach 0:1 Embolo
14%
Freiburg - Monchengladbach 2:1 Grifo
14%
Hoffenheim - Augsburg 1:0 Grillitsch
14%
Hoffenheim - Augsburg 2:1 Grillitsch
14%
Schalke - Leverkusen 0:3 Schick
14%
Schalke - Leverkusen 0:1 (bramka samobójcza) Thiaw
14%
Werder Brema - Stuttgart 0:1 Wamangituka
14%
Werder Brema - Stuttgart 0:2 Wamangituka
14%
Koln - Wolfsburg 1:1 Arnold
0%
Hertha - Union Berlin 0:1 Awoniyi
0%
Schalke - Leverkusen 0:2 Baumgartlinger
0%
Freiburg - Monchengladbach 1:1 Lienhart
0%
Bielefeld - Mainz 1:0 Prietl
0%
Werder Brema - Stuttgart 1:2 Selke
0%
Bielefeld - Mainz 2:1 Stoger
0%
Koln - Wolfsburg 1:0 Thielmann
0%
Nie znaleziono quizów pasujących do podanych kryteriów
Rozkład punktacji
Procent ludzi z każdym wynikiem
Percentyl według liczby udzielonych odpowiedzi
Twoja historia wyników
Nie rozwiązałeś tego quizu